Guia per construir demandes formatives [Recurs electrònic] / [direcció, idea i supervisió: Servei de Formació Local] Servei de Formació Local]
Descripción Física:
1 disc òptic (CD-ROM) ; 12 cm
Materias:
Personal -- Administració -- Formació
MARC
| LEADER | 00000nam a2200000Ia 4500 | ||
|---|---|---|---|
| 001 | 18581 | ||
| 008 | 160829s2007 xx 000 0 cat d | ||
| 080 | |a CD-1-74 | ||
| 245 | |a Guia per construir demandes formatives [Recurs electrònic] / [direcció, idea i supervisió: |b Servei de Formació Local] | ||
| 260 | |a Barcelona : |b Diputació de Barcelona, |c 2007 | ||
| 300 | |a 1 disc òptic (CD-ROM) ; |c 12 cm | ||
| 590 | |a Requeriments del sistema: Windows 95/98, 2000 o xp. Processador pentium 200 o superior, 32 Mb de RAM, lector de CD-ROM x8. Microsoft Internet Explorer 5.x, Flash Player, Acrobat Reader i microsoft Office | ||
| 650 | |a Personal |x Administració |x Formació |9 41450 | ||
| 710 | |a Barcelona (Catalunya : Província). |b Servei de Formació Local |9 53659 | ||
| 901 | |a Arxiu | ||
| 942 | |n 1 | ||
| 952 | |0 0 |1 0 |4 0 |6 CD174 |7 1 |9 50213 |a Arxiu |b Arxiu |d 2016-12-01 |l 0 |o CD-1-74 |p 18581 |r 2016-12-01 00:00:00 |w 2016-12-01 |y ARXIU | ||
| 999 | |c 54055 |d 54055 | ||